000 00421cam a2200181ua 4500
020 _c299.00
041 _aeng
_h
082 _a005.033
_bSTE/PR
100 _aStevens, Al .
245 _aC++ Programming /
_cAl Stevens.
_hTextual Documents
250 _a7 /
_b.
260 _aNew Delhi :
_bWiley India ,
_c2008.
300 _a ; .
365 _a299.00
504 _a
942 _cBK
999 _c13437
_d13437